000 00549nam a22001697a 4500
999 _c8396
_d8397
008 191126b ||||| |||| 00| 0 eng d
020 _a9781444332384
082 _a378.1 KAN
100 _aKanigel, Rachele.
245 _aThe student newspaper survival guide
250 _a2nd ed.
260 _aMalden, MA :
_bWiley-Blackwell,
_c2012.
300 _axvi, 297 p. :
_bill. (chiefly col.), col. map ;
_c28 cm.
500 _a Includes bibliographical references and index.
650 _a College student newspapers and periodicals.
942 _2ddc